Investigación comercial (Record no. 18702)

MARC details
000 -LEADER
campo de control de longitud fija 00714nam a2200205 i 4500
001 - NÚMERO DE CONTROL
campo de control 18702
003 - IDENTIFICADOR DE NÚMERO DE CONTROL
campo de control ES-MaACL
007 - CAMPO FIJO DE DESCRIPCIÓN FÍSICA--INFORMACIÓN GENERAL
campo de control de longitud fija t|
008 - DATOS DE LONGITUD FIJA--INFORMACIÓN GENERAL
campo de control de longitud fija 020301s2000 sp ||||0| spa j
020 ## - NÚMERO INTERNACIONAL ESTÁNDAR DEL LIBRO
Número Internacional Estándar del Libro 84-7356-258-5
040 ## - FUENTE DE CATALOGACIÓN
Centro catalogador/agencia de origen M-BN
Lengua de catalogación spa
Centro/agencia transcriptor M-BN
080 ## - NÚMERO DE LA CLASIFICACIÓN DECIMAL UNIVERSAL
Número de la Clasificación Decimal Universal 658.8.012.12
100 1# - ENTRADA PRINCIPAL--NOMBRE DE PERSONA
Nombre de persona González Lobo, María Angeles.
9 (RLIN) 58760
245 10 - MENCIÓN DEL TÍTULO
Título Investigación comercial
Resto del título : 22 casos prácticos y un apéndice teórico /
Mención de responsabilidad, etc. María Angeles González Lobo.
260 ## - PUBLICACIÓN, DISTRIBUCIÓN, ETC.
Lugar de publicación, distribución, etc. Pozuelo de Alarcón (Madrid) :
Nombre del editor, distribuidor, etc. ESIC,
Fecha de publicación, distribución, etc. 2000.
300 ## - DESCRIPCIÓN FÍSICA
Extensión 447 p :
Otras características físicas il., gráf ;
Dimensiones 24 cm +
Material acompañante/anejo 1 disco (CD-ROM)
650 14 - PUNTO DE ACCESO ADICIONAL DE MATERIA--TÉRMINO DE MATERIA
Término de materia o nombre geográfico como elemento de entrada Análisis de mercado.
9 (RLIN) 9762
852 ## - LOCALIZACIÓN
Ubicación ES-MaACL
Número de control de estantería G-4669
Sublocalización o colección R.130970
Nota libre . - Libro
852 ## - LOCALIZACIÓN
Ubicación ES-MaACL
Número de control de estantería ROT 2/1/1
Nota libre . - CD-ROM
Holdings
Estatus retirado Estado de pérdida Estado de daño No para préstamo Biblioteca de origen Biblioteca actual Ubicación en estantería Fecha de adquisición Fuente de adquisición Total de préstamos Signatura topográfica completa Código de barras Visto por última vez Precio de reemplazo Tipo de ítem Koha
        Biblioteca del Ateneo de Madrid Biblioteca del Ateneo de Madrid Depósito 17/01/2008     ROT 2/1/1 1019137 23/02/2023 23/02/2023 Libro impreso
        Biblioteca del Ateneo de Madrid Biblioteca del Ateneo de Madrid Depósito 2 17/01/2008     G-4669 1019136 23/02/2023 23/02/2023 Libro impreso